=LDR 00000nam 2200000 4500 =001 INLIS000000000006129 =005 20200810013405 =035 ##$$a 0010-061300000006129 =008 200810################g##########0#ind## =041 ##$$a Ind =082 ##$$a 2x6.2 =090 ##$$a 2x2.32, Muh h =100 #$$a Muhibbin =245 1#$$a Hadis-hadis politik, /$c Drs. Muhibbin, M.A =260 ##$$a Yogyakarta :$b Lesiska,$c 1996 =300 ##$$a x, 100 hlm., ; $c 14x21 cm =650 #4$$a Hadits-Politik =850 ##$$a NBPNMAT =020 ##$$a 979-8581-23-7 =084 ##$$a 2x6.2 MUH h =250 ##$$a cet.1 =990 ##$$a DW00025667 =990 ##$$a DW00026892